|
|
|
|
| LEADER |
00000nam0a2200000 4500 |
| 001 |
211753 |
| 005 |
20231101225714.0 |
| 010 |
|
|
|a 9785977507448
|
| 035 |
|
|
|a (RuTPU)RU\TPU\book\231331
|
| 090 |
|
|
|a 211753
|
| 100 |
|
|
|a 20120319d2012 m y0rusy50 ca
|
| 101 |
0 |
|
|a rus
|
| 102 |
|
|
|a RU
|
| 105 |
|
|
|a a j 001zy
|
| 200 |
1 |
|
|a Программирование в Linux
|f Н. Н. Иванов
|
| 205 |
|
|
|a 2-е изд., перераб. и доп.
|
| 210 |
|
|
|a СПб.
|c БХВ-Петербург
|d 2012
|
| 215 |
|
|
|a 400 с.
|c ил.
|
| 225 |
1 |
|
|a Самоучитель
|
| 320 |
|
|
|a Предметный указатель: с. 395-400.
|
| 330 |
|
|
|a Рассмотрены фундаментальные основы программирования в Linux: инструментарий, низкоуровневый ввод-вывод, многозадачность, файловая система, межпроцессное взаимодействие и обработка ошибок. Книга главным образом ориентирована на практическое применение изложенных концепций. В ней есть все, что нужно начинающим, а углубленное изучение каждой темы делает ее ценной и для опытных программистов. Каждая тема проиллюстрирована большим числом примеров на языках С и С++ и Python, которые читатель сможет использовать в качестве образцов для собственных программ. На FTP-сервере издательства находятся исходные тексты программ. Во втором издании материал актуализирован с учетом современных тенденций, добавлены 3 новые главы по программированию в Linux на языке Python, устранены замеченные ошибки.
|
| 606 |
1 |
|
|a Система Linux
|2 stltpush
|3 (RuTPU)RU\TPU\subj\54952
|9 73025
|
| 610 |
1 |
|
|a программирование
|
| 610 |
1 |
|
|a программы
|
| 610 |
1 |
|
|a языки программирования
|
| 610 |
1 |
|
|a C
|
| 610 |
1 |
|
|a C++
|
| 610 |
1 |
|
|a инструментальное обеспечение
|
| 610 |
1 |
|
|a синхронизация
|
| 610 |
1 |
|
|a ошибки
|
| 610 |
1 |
|
|a выявление
|
| 610 |
1 |
|
|a самоучители
|
| 610 |
1 |
|
|a учебные пособия
|
| 675 |
|
|
|a 004.451(075.4)
|v 4
|
| 700 |
|
1 |
|a Иванов
|b Н. Н.
|g Николай Николаевич
|
| 801 |
|
1 |
|a RU
|b 63413507
|c 20120319
|
| 801 |
|
2 |
|a RU
|b 63413507
|c 20140423
|g RCR
|
| 942 |
|
|
|c BK
|
| 959 |
|
|
|a 15/20120206
|d 1
|e 249,00
|f ЧЗТЛ:1
|